000 00343nam a2200157Ia 4500
003 OSt
005 20240409160220.0
008 170524s9999 xx 000 0 und d
020 _a978-0070701991
040 _ciimtu
100 _aSubrahmayam V
245 0 _a Electric Drivers
260 _bTMH New Delhi
260 _c1994
942 _2ddc
_c02
999 _c5516
_d5516